PFI: construction performance (Record no. 72232)
[ view plain ]
| 000 -LEADER | |
|---|---|
| fixed length control field | 00952cam a2200217 4500 |
| 001 - CONTROL NUMBER | |
| control field | WB3909-08 |
| 008 - FIXED-LENGTH DATA ELEMENTS--GENERAL INFORMATION | |
| fixed length control field | 030305n2003 000 0 eng u |
| 035 ## - SYSTEM CONTROL NUMBER | |
| System control number | (Sirsi) u121529 |
| 245 ## - TITLE STATEMENT | |
| Title | PFI: construction performance |
| 260 ## - PUBLICATION, DISTRIBUTION, ETC. | |
| Date of publication, distribution, etc. | 2003 |
| 490 ## - SERIES STATEMENT | |
| Series statement | National Audit Office Press Notice |
| Volume/sequential designation | 5 February 2003 (3) |
| 520 ## - SUMMARY, ETC. | |
| Summary, etc. | The report by the National Audit Office on construction work carried out under the PFI generally found that the work was done on time and within the cost expected by the public sector. PFI provided a higher degree of price certainty, timely delivery and good quality built assets in comparison with previous conventional public sector building projects. NAO Press Notice http://www.nao.gov.uk/pn/02-03/0203371.htm |
| 590 ## - LOCAL NOTE (RLIN) | |
| Local note | WB |
| 650 ## - SUBJECT ADDED ENTRY--TOPICAL TERM | |
| Topical term or geographic name entry element | PFI |
| 650 ## - SUBJECT ADDED ENTRY--TOPICAL TERM | |
| Topical term or geographic name entry element | CONSTRUCTION WORK |
| 650 ## - SUBJECT ADDED ENTRY--TOPICAL TERM | |
| Topical term or geographic name entry element | PRIVATE SECTOR |
| 650 ## - SUBJECT ADDED ENTRY--TOPICAL TERM | |
| Topical term or geographic name entry element | PUBLIC SECTOR |
| 650 ## - SUBJECT ADDED ENTRY--TOPICAL TERM | |
| Topical term or geographic name entry element | BUILDING PROJECTS |
| 690 ## - LOCAL SUBJECT ADDED ENTRY--TOPICAL TERM (OCLC, RLIN) | |
| Topical term or geographic name as entry element | BUILT ENVIRONMENT |
| 942 ## - ADDED ENTRY ELEMENTS (KOHA) | |
| Suppress in OPAC | 0 |
| Withdrawn status | Lost status | Source of classification or shelving scheme | Damaged status | Not for loan | Home library | Current library | Shelving location | Date acquired | Total Checkouts | Full call number | Barcode | Date last seen | Copy number | Price effective from | Koha item type |
|---|---|---|---|---|---|---|---|---|---|---|---|---|---|---|---|
| Dewey Decimal Classification | London | London | News article | 05/03/2003 | WB3909-08 | 121529-1001 | 06/08/2019 | 1 | 06/08/2019 | News article |